Roman epic : an interpretative introduction /
The author's approach to Roman epic is interpretative; the reader is invited to study a choice of typical texts, from the beginnings to the end of Antiquity. Famous poets are given the attention they deserve, but also some minor authors are discovered as precious 'missing links' betwe...
المؤلف الرئيسي:
التنسيق: كتاب الكتروني
اللغة: English
منشور في:
Leiden ; Boston ; Köln :
Brill,
1999.
سلاسل:
Mnemosyne, Supplements
189.
Mnemosyne Supplements Online, Volumes 1-203, ISBN: 9789004381049.
الموضوعات:
الوصول للمادة أونلاين: Login to view Source
الوسوم: إضافة وسم
رقم الطلب: PA6054 .A4 1999
| LEADER | 03661cam a2200565Ii 4500 | ||
|---|---|---|---|
| 001 | BRILL9789004351417 | ||
| 003 | nllekb | ||
| 005 | 20230529212642.0 | ||
| 006 | m d | ||
| 007 | cr un uuuua | ||
| 008 | 990126s1999 mau sb 001 0 eng d | ||
| 020 | |a 9789004351417 |q (electronic book) | ||
| 020 | |z 9789004112926 |q (print) | ||
| 024 | 7 | |a 10.1163/9789004351417 |2 DOI | |
| 035 | |a (OCoLC)150833777 |z (OCoLC)1001087386 | ||
| 040 | |a NL-LeKB |c NL-LeKB |e rda | ||
| 043 | |a e------ |a aw----- |a ff----- | ||
| 050 | 4 | |a PA6054 |b .A4 1999 | |
| 072 | 7 | |a DSBB |2 bicssc | |
| 072 | 7 | |a LIT011000 |2 bisacsh | |
| 082 | 0 | 4 | |a 873/.0109 |2 21 |
| 100 | 1 | |a Albrecht, Michael von. | |
| 245 | 1 | 0 | |a Roman epic : |b an interpretative introduction / |c by Michael von Albrecht. |
| 264 | 1 | |a Leiden ; |a Boston ; |a Köln : |b Brill, |c 1999. | |
| 300 | |a 1 online resource (x, 371 pages) | ||
| 336 | |a text |b txt |2 rdacontent | ||
| 337 | |a computer |b c |2 rdamedia | ||
| 338 | |a online resource |2 rdacarrier | ||
| 490 | 1 | |a Mnemosyne, bibliotheca classica Batava. Supplementum, |x 0169-8958 ; |v 189 | |
| 500 | |a Index: pages [365]-371. | ||
| 504 | |a Bibliographie: pages 341-359. | ||
| 505 | 0 | 0 | |t Preliminary Material / |r Michael von Albrecht -- |t Introduction / |r Michael von Albrecht -- |t Livius Andronicus / |r Michael von Albrecht -- |t Naevius / |r Michael von Albrecht -- |t Ennius / |r Michael von Albrecht -- |t Virgil / |r Michael von Albrecht -- |t Ovid / |r Michael von Albrecht -- |t Albinovanus Pedo / |r Michael von Albrecht -- |t Cornelius Severus / |r Michael von Albrecht -- |t Lucan / |r Michael von Albrecht -- |t Valerius Flaccus / |r Michael von Albrecht -- |t Statius / |r Michael von Albrecht -- |t Silius Italicus / |r Michael von Albrecht -- |t Claudian / |r Michael von Albrecht -- |t Corippus / |r Michael von Albrecht -- |t Bibliography / |r Michael von Albrecht -- |t List of Abbreviations: Periodicals and Standard Works / |r Michael von Albrecht -- |t Index / |r Gregor Damschen -- |t Supplements to Mnemosyne / |r J. M. Bremer , L. F. Janssen , H. Pinkster , H. W. Pleket , C. J. Ruijgh and P. H. Schrijvers. |
| 506 | |a Available to subscribing member institutions only. | ||
| 520 | |a The author's approach to Roman epic is interpretative; the reader is invited to study a choice of typical texts, from the beginnings to the end of Antiquity. Famous poets are given the attention they deserve, but also some minor authors are discovered as precious 'missing links' between the ages. Special heed is paid to intertextual relationships between different epochs, cultures, literary genres, linguistic and literary patterns. The book is meant for students and teachers of classical and modern literatures, but also for all those interested in the history of literary genres and cultural ideas. | ||
| 559 | 4 | |a PA6054 .A4 1999 | |
| 650 | 0 | |a Epic poetry, Latin |x History and criticism. | |
| 650 | 0 | |a History, Ancient, in literature. | |
| 650 | 0 | |a Literature and history |z Rome. | |
| 650 | 7 | |a Epic poetry, Latin. |2 fast | |
| 650 | 7 | |a History, Ancient, in literature. |2 fast | |
| 650 | 7 | |a Literature and history. |2 fast | |
| 651 | 7 | |a Rome (Empire) |2 fast | |
| 655 | 7 | |a Criticism, interpretation, etc. |2 fast | |
| 776 | 0 | 8 | |i Print version: |t Roman Epic: An Interpretative Introduction |d Leiden, Boston : BRILL, 1999, |z 9789004112926 |
| 830 | 0 | |a Mnemosyne, Supplements |v 189. | |
| 830 | 0 | |a Mnemosyne Supplements Online, Volumes 1-203, ISBN: 9789004381049. | |
| 856 | 4 | |z DOI: |u http://dx.doi.org/10.1163/9789004351417 | |
| 942 | |2 lcc |c EBOOK | ||
| 952 | |0 0 |1 0 |2 lcc |4 0 |6 PA6054 A4 01999 |7 1 |9 48902 |a BRILL |b BRILL |d 2023-05-29 |l 0 |o PA6054 .A4 1999 |r 2023-05-29 00:00:00 |w 2023-05-29 |y EBOOK | ||
| 999 | |c 54246 |d 54246 | ||
